000 00548nam a2200217Ia 4500
005 20140403110551.0
008 140130s9999 xx 000 0 und d
020 _a0590486861
050 _aPZ 7
_b.B6654Fn 1994
100 _aBourgeois, Paulette
_923066
245 _cPaulette Bourgeois
_aFranklin is messy /
260 _bScholastic,
_c1994.
_aNew York :
300 _a28 p. :
_bcol. ill. ;
_c23 cm.
440 _v1
_931110
521 _aG2
526 _c350
942 _cBK
_2lcc
999 _c40177
_d40177